Responses for Show #7013 - Wednesday, February 25, 2015

Contestants

[<< previous game]

Laura Gallo, an internal medicine physician originally from Brooklyn, New York

Michael Camiel, a banker and financial analyst from Lutherville, Maryland

Dava-Leigh Brush, a stay-at-home mom from Arnold, Missouri (whose 3-day cash winnings total $31,501)

[next game >>]

Jeopardy! Round responses

THE LIBERTY BELL
MOVIES WITH SUBTITLES
TABLEWARE INCLUDED
(Alex: The response will contain things that you would find on a dinner table.)
BEYOND THE "C"
WORDS FROM POSTAL ABBREVIATIONS
THE END OF THE LINE
    $200 2
the Declaration of Independence

Dava-Leigh
    $200 1
Pirates of the Caribbean

Michael
    $200 16
fiberglass

Triple Stumper
    $200 7
catapult

Michael
    $200 17
mail

Dava-Leigh
    $200 22
Marie Antoinette

Michael
    $400 8
(Michael: What is V-E Day?)

D-Day

Dava-LeighMichael
    $400 3
Star Trek II

Dava-Leigh
    $400 12
community

Laura
    $400 18
(Dava-Leigh: What is ask?)

asks

Dava-LeighLaura
    $400 23
Al Capone

Laura
    $600 9
the 13th Amendment

Michael
    $600 4
(Dava-Leigh: What is The Terminator?)
(Alex: Be more specific.)

Terminator 2

Dava-Leigh
    $600 13
Constantine

Laura
    $600 19
an aria

Dava-Leigh
    $600 24
Francis Scott Key

Michael
    $800 10
copper

Michael
    $800 5
National Treasure

Laura
    $800 14
a calliope

Dava-Leigh
    $800 20
florid

Laura
    $800 25
(Dava-Leigh: What's the [*]?)
(Alex: Good. Yes, Otto von [*].)
(Dava-Leigh: Sorry.)
(Alex: I don't know if they called him "The [*]".)
[Laughter]

Bismarck

Dava-Leigh
    $1,400 11
women's suffrage

Michael
    $1000 6
Ice Age

Dava-Leigh
    $1000 15
the canopic jars

Triple Stumper
    $1000 21
(Alex: [*] is right
with a minute to go.)

almond

Michael
    $1000 26
[The end-of-round signal sounds.]

Martin Van Buren

Triple Stumper

Scores at the first commercial break (after clue 13):

Dava-Leigh Michael Laura
$2,600 $2,800 $1,800

Scores at the end of the Jeopardy! Round:

Dava-Leigh Michael Laura
$4,600 $4,600 $3,400

Double Jeopardy! Round responses

SKELETON CREW
GOVERNMENT AWARDS & HONORS
TENNIS "E"
WHO'S IN CHARGE?
ANOTHER DEFINITION, PLEASE
(Alex: And once again...)
THE END OF THE LINE
    $400 21
the patella

Laura
    $400 26
the EPA

Laura
    $400 1
errors

Laura
    $400 15
Nicaragua

Michael
    $400 3
flop

Dava-Leigh
    $400 9
count the ways

Laura
    $800 22
the sternum

Dava-Leigh
    $800 27
honorary citizens of the United States

Triple Stumper
    $800 2
(Chris) Evert

Michael
    $800 16
NATO

Laura
    $800 4
(Michael: What are toasts?)

spirits

Dava-LeighMichael
    $800 10
communism

Laura
    $1200 23
the coccyx

Laura
    $1200 28
[ERRATUM: "Presidents" should have read "President's".]

volunteer

Michael
    $1200 6
(Laura: What is east?)

the Eastern forehand style

Laura
Triple Stumper
    $1200 17
Armenia

Triple Stumper
    $1200 5
curry

Laura
    $1200 11
a summer's day

Laura
    $1600 24
the metatarsals

Triple Stumper
    $1600 29
gavel

Dava-Leigh
    $1600 7
Roy Emerson

Triple Stumper
    $1600 18
Kurdistan

Laura
    $1600 8
pedestrian

Michael
    $2,000 12
[Alex reads "____" as "blank blank".]
...
(Alex: Florence Nightingale's line. You are right.)

no harm

Laura
    $2000 25
(Laura: What is the mandible?)
(Dava-Leigh: What is the maxilla?)
...
(Alex: All right, less than a minute to go to deal with this last category.)

the hyoid bone

Dava-LeighLaura
Triple Stumper
    $2000 30
exports

Laura
    $2000 20
[Alex reads "ITHoF" as "International Tennis Hall of Fame".]

Stefan Edberg

Laura
    $2,000 19
(Laura: What is the Democratic Republic
of the Congo?)

Nigeria

Laura
    $2000 14
a parcel

Dava-Leigh
    $2000 13
(Michael: What is waiting for Godot?)

I'll go on

Michael
Triple Stumper

Scores at the end of the Double Jeopardy! Round:

Dava-Leigh Michael Laura
$8,200 $5,800 $12,600

[wagering suggestions for these scores]

Final Jeopardy! Round responses

LANGUAGES
(Alex: No, [*], right next door to the Canadian province of Quebec.)
MichaelWhat are LA + WI?
$5,800
Dava-LeighWhat is Louisiana + Michigan?
$4,500
LauraWhat are Louisiana + Florida?
$3,801
Louisiana & Maine

Final scores:

Dava-Leigh Michael Laura
$3,700 $0 $8,799
2nd place: $2,000 3rd place: $1,000 New champion: $8,799

Game dynamics:

Coryat scores:

Dava-Leigh Michael Laura
$8,200 $5,400 $14,200
14 R,
2 W
12 R
(including 1 DD),
3 W
19 R
(including 1 DD),
3 W
(including 1 DD)

Combined Coryat: $27,800

[game clues] [game scores] [suggest correction]

Game tape date: 2014-12-10
The J! Archive is created by fans, for fans. Scraping, republication, monetization, and malicious use prohibited; this site may use cookies and collect identifying information. See terms. The Jeopardy! game show and all elements thereof, including but not limited to copyright and trademark thereto, are the property of Jeopardy Productions, Inc. and are protected under law. This website is not affiliated with, sponsored by, or operated by Jeopardy Productions, Inc. Join the discussion at JBoard.tv.